| 000 | 00678cab a2200241 4500 | ||
|---|---|---|---|
| 001 | WB2434-01 | ||
| 008 | 090401t1988 xxu||||| |||| 00| 0 eng d | ||
| 035 | _a(Sirsi) u5647 | ||
| 041 | _aeng | ||
| 245 | _aBRE research | ||
| 260 | _c1988 | ||
| 350 | _a0 | ||
| 490 |
_aBRE Press Release _v67/88 17 August 1988, 8 pages |
||
| 520 | _aThe BRE has issued its research programme of over 200 projects, for 1988/89. Copies are available free from the BRE. | ||
| 650 | _aCONCRETE | ||
| 650 | _aENERGY EFFICIENCY | ||
| 650 | _aEXPERT SYSTEMS | ||
| 650 | _aRADON GAS | ||
| 650 | _aSICK BUILDING SYNDROME | ||
| 690 | _aBUILT ENVIRONMENT | ||
| 942 | _n0 | ||
| 948 | _c04/03/1997 | ||
| 999 |
_c3370 _d3370 |
||